ბათუმის შოთა რუსთაველის სახელმწიფო უნივერსიტეტის ბიბლიოთეკა

საერთაშორისო სისხლის სამართლის სასამართლო / (ბიბ.ჩანაწერი № 59417)

000 -ლიდერი
ფიქსირებული სიგრძის საკონტროლო ველი 00982nam a22001817a 4500
003 - საკონტროლო ნომრის იდენტიფიკატორი
საკონტროლო ველი Ge_BSU
005 - ბოლო ოპერაციის თარიღი და დრო
საკონტროლო ველი 20230214121247.0
008 - ფიქსირებული სიგრძის მონაცემთა ელემენტები - ზოგადი ინფორმაცია
ფიქსირებული სიგრძის საკონტროლო ველი 230214s2002 ge ||||| |||| 00| 0 geo d
041 ## - ენის კოდი
Language code of text/sound track or separate title geo
080 ## - უნივერსალური ათობითი კლასიფიკაციის ინდექსი
Universal Decimal Classification number 341.4 თ-77
100 ## - მთავარი ჩანაწერი - პიროვნების სახელი
Personal name თოფურიძე, ნოდარ
9 (RLIN) 16907
245 ## - ცნობა სათაურის შესახებ
Title საერთაშორისო სისხლის სამართლის სასამართლო /
Statement of responsibility, etc [რედ.: ზვიად ცაგარეიშვილი, ანა მარგველაშვილი].
264 ## - წარმოების, გამოცემის, დისტრიბუციის და სხვა ცნობები
გამოცემის, წარმოების, დისტრიბუციის... ადგილი თბილისი :
გამოცემის, წარმოების, დისტრიბუციის... სახელწოდება საერთაშ. სისხლის სამართლის საქ. ცენტრი,
გამოცემის, წარმოების, დისტრიბუციის... თარიღი 2002.
300 ## - ფიზიკური აღწერა
Extent 52გვ. ;
Other physical details 20სმ.
653 ## - INDEX TERM--UNCONTROLLED
Uncontrolled term საერთაშორისო სისხლის სამართალი
653 ## - INDEX TERM--UNCONTROLLED
Uncontrolled term საერთაშორისო სისხლის სამართლის სასამართლო
942 ## - ADDED ENTRY ELEMENTS (KOHA)
Source of classification or shelving scheme
Koha item type წიგნი
ეგზემპლარები
ჩამოწერის სტატუსი დაკარგული ეგზემპლარის სტატუსი კლასიფიკაციის წყარო ან თაროზე გაწყობის სქემა დაზიანების სტატუსი არ გაიცემა მუდმივი მდებარეობა (დაცვის ადგილი) ამჟამინდელი ადგილსამყოფელი თაროზე განთავსების ადგილი შეძენის თარიღი ღირებულება, შესყიდვის ნორმალური ფასი სრული შენახვის შიფრი შტრიხკოდი ბოლო ოპერაციის თარიღი ეგზემპლარის მიმდევრობითი ნომერი (კეტერი?) ფასის ძალაში შესვლის თარიღი ეგზემპლარის სახეობა საჯარო შენიშვნა
          ბათუმის შოთა რუსთაველის სახელმწიფო უნივერსიტეტის მთავარი ბიბლიოთეკა ბათუმის შოთა რუსთაველის სახელმწიფო უნივერსიტეტის მთავარი ბიბლიოთეკა წიგნსაცავი 2023-02-14 8.00 341.4 თ-77 63781 2023-02-14 63781 2023-02-14 წიგნი 8 ლ.